Vista normal
Vista MARC
Entrada Topical Term
Número de registros utilizados en: 1
001 - CONTROL NUMBER
- control field: 41994
003 - CONTROL NUMBER IDENTIFIER
- control field: OSt
005 - DATE AND TIME OF LATEST TRANSACTION
- control field: 20220324100040.0
008 - FIXED-LENGTH DATA ELEMENTS
- fixed length control field: 220324|| aca||aabn | a|a d
040 ## - CATALOGING SOURCE
- Original cataloging agency: OSt
- Transcribing agency: OSt
150 ## - HEADING--TOPICAL TERM
- Chronological subdivision: Siglo XXI
670 ## - SOURCE DATA FOUND
- Source citation: Work cat.: (OSt)15847: Sierra Montoya, Jorge Emilio autor 11034, Tras las huellas de Edgar Morin / , 2010